000 00753nam a2200253Ia 4500
003 OSt
005 20220928104206.0
006 a|||||r|||| 00| 0
007 ta
008 220927b |||||||| |||| 00| 0 hin d
020 _cINR 700.00
024 _a136604
037 _b38, 17/11/2017, Kiran Book Service
_cTextual
040 _aSDCL
_cSDCL
_bhin
041 _2hin
_ahin
082 _aY15:45, Q7
100 _aSharada Banerjee
_9409540
245 0 _abalatkaar
_b Sanskriti aur streebad
260 _aNew Delhi
_bAnamika Publisher and Distributor
_c2017
300 _a271p.
_ccm.
650 _aHindi
_9391598
942 _hY15:45, Q7
_cTEXL
_2CC
999 _c725106
_d725106